000 01028nas a2200349 4500
001 BR2014005700
003 BR-BrBNA
005 20231205124518.0
007 ta
008 230509b bl.|||p| |||| 00| 00por d
040 _aBR-BrBNA
_bpor
_cBiblioteca Nacional de Agricultura
041 _a(PT)
072 _aL50; L73
100 1 _aDi Filippo, P.A.
100 1 _aSantos, G.C. dos
100 1 _aGraça, F.A.S.
100 1 _aNogueira, A.F>s.
100 1 _aAlves, A.E.
100 1 _aSantana, A.E.
245 1 _aProteinograma do líquido sinovial de equino hígidos obtido por eletroforese em gel de poliacrilamida
650 _aEQUINO
650 _aARTRITE
650 _aELETROFORESE
650 _aARTICULAÇÃO
650 _aCARTILAGEM
650 _aPROTEÍNA
650 _aMÉTODO ESTATÍSTICO
650 _aBIOQUÍMICA ANIMAL
773 0 _tCiência Rural (Brazil)
_xISSN 0103-8478
_g(Jul 2014), v. 44(7) p. 1268-1271
_wBR2014005700
909 _a202311
_bLúcia
_c55
_dLúcia Elande
942 _2AGRIS
_n0
_cANA
999 _c239465
_d239465